<?xml version="1.0" encoding="UTF-8"?>
<record
    xmlns:xsi="http://www.w3.org/2001/XMLSchema-instance"
    xsi:schemaLocation="http://www.loc.gov/MARC21/slim http://www.loc.gov/standards/marcxml/schema/MARC21slim.xsd"
    xmlns="http://www.loc.gov/MARC21/slim">

  <leader>01245cam a2200325 a 4500</leader>
  <controlfield tag="001">2744</controlfield>
  <controlfield tag="003">FISKH</controlfield>
  <controlfield tag="005">20240112095927.0</controlfield>
  <controlfield tag="008">920327s1993    nyua   j      001 0beng  </controlfield>
  <datafield tag="010" ind1=" " ind2=" ">
    <subfield code="a">   92013480 </subfield>
  </datafield>
  <datafield tag="020" ind1=" " ind2=" ">
    <subfield code="a">0590464841 :</subfield>
  </datafield>
  <datafield tag="020" ind1=" " ind2=" ">
    <subfield code="a">9780590481090</subfield>
  </datafield>
  <datafield tag="040" ind1=" " ind2=" ">
    <subfield code="a">DLC</subfield>
    <subfield code="c">DLC</subfield>
    <subfield code="d">DLC</subfield>
    <subfield code="b">eng</subfield>
  </datafield>
  <datafield tag="042" ind1=" " ind2=" ">
    <subfield code="a">lcac</subfield>
  </datafield>
  <datafield tag="050" ind1="0" ind2="0">
    <subfield code="a">BP223.Z8</subfield>
    <subfield code="b">L5764 1993</subfield>
  </datafield>
  <datafield tag="082" ind1="0" ind2="0">
    <subfield code="a">320.5/4/092</subfield>
    <subfield code="a">B</subfield>
    <subfield code="2">20</subfield>
  </datafield>
  <datafield tag="100" ind1="1" ind2=" ">
    <subfield code="a">Myers, Walter Dean,</subfield>
    <subfield code="d">1937-2014.</subfield>
  </datafield>
  <datafield tag="245" ind1="1" ind2="0">
    <subfield code="a">Malcolm X :</subfield>
    <subfield code="b">by any means necessary : a biography /</subfield>
    <subfield code="c">by Walter Dean Myers.</subfield>
  </datafield>
  <datafield tag="260" ind1=" " ind2=" ">
    <subfield code="a">New York :</subfield>
    <subfield code="b">Scholastic,</subfield>
    <subfield code="c">1993.</subfield>
  </datafield>
  <datafield tag="300" ind1=" " ind2=" ">
    <subfield code="a">210 pages :</subfield>
    <subfield code="b">illustrations ;</subfield>
    <subfield code="c">20 cm</subfield>
  </datafield>
  <datafield tag="520" ind1=" " ind2=" ">
    <subfield code="a">As a fourteen-year-old, he was Malcolm Little, the president of his class and a top student. At sixteen, he was hustling tips at a Boston nightclub. In Harlem, he was known as Detroit Red, a slick street operator.</subfield>
  </datafield>
  <datafield tag="600" ind1="1" ind2="0">
    <subfield code="a">X, Malcolm,</subfield>
    <subfield code="d">1925-1965</subfield>
    <subfield code="x">Juvenile literature</subfield>
  </datafield>
  <datafield tag="600" ind1="1" ind2="1">
    <subfield code="a">X, Malcolm,</subfield>
    <subfield code="d">1925-1965.</subfield>
  </datafield>
  <datafield tag="650" ind1=" " ind2="0">
    <subfield code="a">Black Muslims</subfield>
    <subfield code="v">Biography</subfield>
    <subfield code="v">Juvenile literature.</subfield>
  </datafield>
  <datafield tag="650" ind1=" " ind2="0">
    <subfield code="a">African Americans</subfield>
    <subfield code="v">Biography</subfield>
    <subfield code="v">Juvenile literature.</subfield>
  </datafield>
  <datafield tag="650" ind1=" " ind2="1">
    <subfield code="a">Black Muslims.</subfield>
  </datafield>
  <datafield tag="650" ind1=" " ind2="1">
    <subfield code="a">African Americans</subfield>
    <subfield code="v">Biography.</subfield>
  </datafield>
  <datafield tag="906" ind1=" " ind2=" ">
    <subfield code="a">7</subfield>
    <subfield code="b">cbc</subfield>
    <subfield code="c">orignew</subfield>
    <subfield code="d">1</subfield>
    <subfield code="e">ocip</subfield>
    <subfield code="f">19</subfield>
    <subfield code="g">y-gencatlg</subfield>
  </datafield>
  <datafield tag="942" ind1=" " ind2=" ">
    <subfield code="2">ddc</subfield>
    <subfield code="c">BK</subfield>
    <subfield code="n">0</subfield>
  </datafield>
  <datafield tag="999" ind1=" " ind2=" ">
    <subfield code="c">2744</subfield>
    <subfield code="d">2744</subfield>
  </datafield>
  <datafield tag="952" ind1=" " ind2=" ">
    <subfield code="0">0</subfield>
    <subfield code="1">0</subfield>
    <subfield code="2">ddc</subfield>
    <subfield code="4">0</subfield>
    <subfield code="7">0</subfield>
    <subfield code="8">NFIC</subfield>
    <subfield code="a">001</subfield>
    <subfield code="b">001</subfield>
    <subfield code="c">TKSNF</subfield>
    <subfield code="d">2024-01-12</subfield>
    <subfield code="l">0</subfield>
    <subfield code="o">MYE 320.54092 BP223.Z8</subfield>
    <subfield code="p">FISSE00416</subfield>
    <subfield code="r">2024-01-12 09:59:00</subfield>
    <subfield code="t">1</subfield>
    <subfield code="w">2024-01-12</subfield>
    <subfield code="y">BK</subfield>
  </datafield>
  <datafield tag="952" ind1=" " ind2=" ">
    <subfield code="0">0</subfield>
    <subfield code="1">0</subfield>
    <subfield code="2">ddc</subfield>
    <subfield code="4">0</subfield>
    <subfield code="7">0</subfield>
    <subfield code="8">NFIC</subfield>
    <subfield code="a">002</subfield>
    <subfield code="b">002</subfield>
    <subfield code="c">SNS</subfield>
    <subfield code="d">2024-01-12</subfield>
    <subfield code="l">0</subfield>
    <subfield code="o">MYE 320.54092 BP223.Z8</subfield>
    <subfield code="p">FISSE00417</subfield>
    <subfield code="r">2024-10-28 16:16:00</subfield>
    <subfield code="t">2</subfield>
    <subfield code="w">2024-01-12</subfield>
    <subfield code="y">BK</subfield>
  </datafield>
  <datafield tag="952" ind1=" " ind2=" ">
    <subfield code="0">0</subfield>
    <subfield code="1">0</subfield>
    <subfield code="2">ddc</subfield>
    <subfield code="4">0</subfield>
    <subfield code="7">0</subfield>
    <subfield code="8">NFIC</subfield>
    <subfield code="a">002</subfield>
    <subfield code="b">002</subfield>
    <subfield code="c">SNS</subfield>
    <subfield code="d">2024-01-12</subfield>
    <subfield code="l">1</subfield>
    <subfield code="o">MYE 320.54092 BP223.Z8</subfield>
    <subfield code="p">FISSE00419</subfield>
    <subfield code="r">2025-06-06 14:44:00</subfield>
    <subfield code="s">2025-05-07</subfield>
    <subfield code="t">3</subfield>
    <subfield code="w">2024-01-12</subfield>
    <subfield code="y">BK</subfield>
  </datafield>
  <datafield tag="952" ind1=" " ind2=" ">
    <subfield code="0">0</subfield>
    <subfield code="1">0</subfield>
    <subfield code="2">ddc</subfield>
    <subfield code="4">0</subfield>
    <subfield code="7">0</subfield>
    <subfield code="8">NFIC</subfield>
    <subfield code="a">002</subfield>
    <subfield code="b">002</subfield>
    <subfield code="c">SNS</subfield>
    <subfield code="d">2024-01-12</subfield>
    <subfield code="l">2</subfield>
    <subfield code="o">MYE 320.54092 BP223.Z8</subfield>
    <subfield code="p">FISSE00418</subfield>
    <subfield code="r">2026-04-30 10:12:54</subfield>
    <subfield code="s">2026-04-01</subfield>
    <subfield code="t">4</subfield>
    <subfield code="w">2024-01-12</subfield>
    <subfield code="y">BK</subfield>
  </datafield>
  <datafield tag="952" ind1=" " ind2=" ">
    <subfield code="0">0</subfield>
    <subfield code="1">0</subfield>
    <subfield code="2">ddc</subfield>
    <subfield code="4">0</subfield>
    <subfield code="7">0</subfield>
    <subfield code="8">NFIC</subfield>
    <subfield code="a">002</subfield>
    <subfield code="b">002</subfield>
    <subfield code="c">SNS</subfield>
    <subfield code="d">2024-01-12</subfield>
    <subfield code="l">0</subfield>
    <subfield code="o">MYE 320.54092 BP223.Z8</subfield>
    <subfield code="p">FISSE00675</subfield>
    <subfield code="r">2024-12-04 12:40:00</subfield>
    <subfield code="t">5</subfield>
    <subfield code="w">2024-01-12</subfield>
    <subfield code="y">BK</subfield>
  </datafield>
</record>
